| 000 | 01108 am a2200337 a 4500 | ||
|---|---|---|---|
| 999 |
_c200425843 _d43766 |
||
| 003 | TR-AnTOB | ||
| 005 | 20190322123534.0 | ||
| 008 | 140611s1984 tu 00000 tur K | ||
| 040 |
_aTR-AnTOB _beng _cTR-AnTOB _erda |
||
| 041 | _atur | ||
| 050 | 0 | 0 |
_aDR590 _b.Y396 1984 |
| 090 |
_aDR590 _b.Y396 1984 |
||
| 100 | 1 | _aYazman, Aslan Tufan | |
| 245 | 1 | 0 |
_aAtatürk'le beraber : _bdevrimler, olaylar, anılar (1922-1938) / _cAslan Tufan Yazman. |
| 250 | _a2. baskı | ||
| 264 |
_aİstanbul : _bTürkiye İş Bankası Kültür yayınları, _c1984. |
||
| 300 |
_a424 pages ; _c20 cm. |
||
| 336 |
_2rdacontent _atext |
||
| 337 |
_2rdamedia _aunmediated |
||
| 338 |
_2rdacarrier _avolume |
||
| 500 | _aAtatürkle birlikte yaşamış olan bir kuşağın öyküsü. | ||
| 500 | _aDizin: s. 412-418. | ||
| 504 | _aIncludes bibliographical references. | ||
| 590 | _aDonated by Nermin Çaker. | ||
| 600 | 1 | 4 |
_aAtatürk, Mustafa Kemal, _d1881-1938. |
| 651 | 0 |
_aTurkey _xHistory _y1918-1960. |
|
| 651 | 4 |
_aTürkiye _xTarih _y1918-1960. |
|
| 907 | _aATASEV | ||
| 942 |
_2lcc _cBK |
||